Największe miasta w województwie mazowieckim bez powiatu - Statystyki

Ogólne statystyki
  • Ten quiz został rozwiązany 10 razy
  • Średni wynik to 8 z 10
Statystyki odpowiedzi
liczba ludności miasto % Poprawnych
45 876 Marki
100%
45 347 Ząbki
100%
28 339 Kobyłka
80%
22 932 Piastów
80%
21 428 Sulejówek
80%
18 143 Zielonka
80%
21 217 Józefów
70%
22 683 Konstancin-Jeziorna
70%
18 226 Łomianki
70%
16 779 Pionki
60%
Nie znaleziono quizów pasujących do podanych kryteriów
Rozkład punktacji
Procent ludzi z każdym wynikiem
Percentyl według liczby udzielonych odpowiedzi
Twoja historia wyników
Nie rozwiązałeś tego quizu